| 000 | 00568cam a2200217ua 4500 | ||
|---|---|---|---|
| 001 | 10867 | ||
| 008 | 190424n ii |||gr||||Z||||||asm | ||
| 020 | _a9788186384930 | ||
| 040 | _cMAIN | ||
| 041 | _aasm | ||
| 082 | _a830 | ||
| 100 |
_aFrantas Kafka, _eAuthor. |
||
| 245 |
_aMaramar deuta _cBy Frantas Kafka |
||
| 250 | _a1st ed. | ||
| 260 |
_aGuwahati: _bAssam publishing company, _c2011. |
||
| 300 | _a88p. | ||
| 653 | _aLiteratures of Germanic languages | ||
| 653 | _aAssamese miscellaneous writing | ||
| 700 |
_aIndranee Laskar, _eTranslator. |
||
| 942 | _cBK | ||
| 999 |
_c9823 _d9823 |
||